[Event "8. Open Bali sub-2300"]
[Site "Benidorm ESP"]
[Date "2009.12.04"]
[Round "7.10"]
[White "Lopez Perdomo, Juan David"]
[Black "Vlashki, Nino"]
[Result "1-0"]
[WhiteElo "2166"]
[BlackElo "2292"]
[PlyCount "65"]
[EventDate "2009.11.28"]
[EventType "swiss"]
[EventRounds "10"]
[EventCountry "ESP"]
[Source "lmi"]
[SourceDate "2009.11.28"]

1. e4 e5 2. Nf3 Nc6 3. Bb5 a6 4. Ba4 Nf6 5. O-O Bc5 6. c3 b5 7. Bc2 d5 8. d4
dxe4 9. Nfd2 exd4 10. Nxe4 Nxe4 11. Bxe4 Bb7 12. Re1 Kf8 13. Qh5 Bb6 14. a4 Na5
15. Bxb7 Nxb7 16. axb5 axb5 17. Rxa8 Qxa8 18. Qd5 Qb8 19. cxd4 c6 20. Qe5 Qd8
21. d5 cxd5 22. Nc3 Ba5 23. Rd1 f6 24. Qe2 Bxc3 25. bxc3 Qd7 26. c4 bxc4 27.
Qxc4 g5 28. Rxd5 Qe7 29. h4 h6 30. h5 Qf7 31. Qc6 Qe7 32. Rd7 Nd8 33. Qc8 1-0

[Event "8. Open Bali sub-2300"]
[Site "Benidorm ESP"]
[Date "2009.12.04"]
[Round "7.11"]
[White "Fernandez Manrique, Agustin"]
[Black "Lapicki, Raul"]
[Result "1/2-1/2"]
[WhiteElo "2135"]
[BlackElo "2266"]
[PlyCount "47"]
[EventDate "2009.11.28"]
[EventType "swiss"]
[EventRounds "10"]
[EventCountry "ESP"]
[Source "lmi"]
[SourceDate "2009.11.28"]

1. c4 g6 2. Nc3 Bg7 3. d4 Nf6 4. e4 d6 5. Be2 O-O 6. Nf3 e5 7. O-O Nc6 8. d5
Ne7 9. Bg5 Ne8 10. Nd2 h6 11. Bxe7 Qxe7 12. b4 f5 13. Rc1 h5 14. exf5 Bxf5 15.
Nde4 Bh6 16. Rc2 Ng7 17. c5 Rf7 18. Bd3 h4 19. cxd6 cxd6 20. Nb5 Ne8 21. a4 Qd7
22. Qe2 a6 23. Nbc3 Qd8 24. a5 1/2-1/2

[Event "8. Open Bali sub-2300"]
[Site "Benidorm ESP"]
[Date "2009.12.04"]
[Round "7.12"]
[White "Lada, Ireneusz"]
[Black "Arata, Roberto Mario"]
[Result "0-1"]
[WhiteElo "2123"]
[BlackElo "2257"]
[PlyCount "70"]
[EventDate "2009.11.28"]
[EventType "swiss"]
[EventRounds "10"]
[EventCountry "ESP"]
[Source "lmi"]
[SourceDate "2009.11.28"]

1. c4 e6 2. Nf3 d5 3. g3 c5 4. b3 Nf6 5. Bg2 Be7 6. O-O O-O 7. cxd5 exd5 8. d4
Nc6 9. Bb2 h6 10. e3 Bf5 11. Nc3 c4 12. Ne5 Rc8 13. bxc4 dxc4 14. Nxc6 bxc6 15.
e4 Be6 16. f4 Rb8 17. Rb1 Bb4 18. f5 Bc8 19. Kh1 Qa5 20. Qc2 Rd8 21. Rbd1 Bf8
22. Bc1 Ba3 23. Bxa3 Qxa3 24. Rd2 c5 25. dxc5 Bb7 26. Qb2 Qxb2 27. Rxb2 Bxe4
28. Rxb8 Bxg2+ 29. Kxg2 Rxb8 30. Rf4 Rb2+ 31. Rf2 Rb4 32. Kf3 Rb8 33. Re2 Kf8
34. Ne4 Nd7 35. Kf4 f6 0-1

[Event "8. Open Bali sub-2300"]
[Site "Benidorm ESP"]
[Date "2009.12.04"]
[Round "7.13"]
[White "Plass, Mariana-Camelia"]
[Black "Ballesteros Gonzalez, David"]
[Result "1-0"]
[WhiteElo "2099"]
[BlackElo "2240"]
[PlyCount "77"]
[EventDate "2009.11.28"]
[EventType "swiss"]
[EventRounds "10"]
[EventCountry "ESP"]
[Source "lmi"]
[SourceDate "2009.11.28"]

1. d4 Nf6 2. c4 g6 3. Nc3 Bg7 4. e4 d6 5. Nf3 O-O 6. h3 c5 7. d5 e6 8. Be2 e5
9. g4 a6 10. Bg5 Qa5 11. O-O h6 12. Bd2 Ne8 13. a3 Qd8 14. Kh2 Kh7 15. b4 b6
16. bxc5 dxc5 17. Rg1 Nd6 18. Bd3 Nd7 19. a4 Rb8 20. Qe2 Qc7 21. Rab1 f5 22.
gxf5 gxf5 23. Rxg7+ Kxg7 24. Rg1+ Kh8 25. Nh4 Nf7 26. Ng6+ Kh7 27. Nxf8+ Nxf8
28. Qh5 f4 29. Bxf4 Rb7 30. Be3 Qe7 31. f4 Qf6 32. f5 Nd6 33. h4 a5 34. Nd1 Nf7
35. Nf2 Rd7 36. Ng4 Qd6 37. f6 Kh8 38. Nxh6 Nxh6 39. Bxh6 1-0

[Event "8. Open Bali sub-2300"]
[Site "Benidorm ESP"]
[Date "2009.12.04"]
[Round "7.15"]
[White "Exposito Amaro, Josue"]
[Black "Lillo Ferrer, Jose Maria M"]
[Result "0-1"]
[WhiteElo "2221"]
[BlackElo "2194"]
[PlyCount "55"]
[EventDate "2009.11.28"]
[EventType "swiss"]
[EventRounds "10"]
[EventCountry "ESP"]
[Source "lmi"]
[SourceDate "2009.11.28"]

1. d4 d6 2. e4 g6 3. Nc3 Bg7 4. f4 a6 5. Nf3 b5 6. Bd3 Nd7 7. Ne2 c5 8. c3 Ngf6
9. a4 Rb8 10. O-O O-O 11. Kh1 b4 12. Qe1 Bb7 13. e5 Ne8 14. Ng5 e6 15. Qg3 Qe7
16. f5 dxe5 17. fxg6 fxg6 18. Be3 cxd4 19. cxd4 Nef6 20. dxe5 Nh5 21. Qh3 Nxe5
22. Bc2 Bd5 23. Rxf8+ Rxf8 24. Nxh7 Rf3 25. gxf3 Nxf3 26. Bxg6 Ng5+ 27. Qg2
Bxg2+ 28. Kxg2 0-1

[Event "8. Open Bali sub-2300"]
[Site "Benidorm ESP"]
[Date "2009.12.04"]
[Round "7.22"]
[White "Montero Fernandez, Oscar"]
[Black "Andres Terrado, Miguel Angel"]
[Result "1-0"]
[WhiteElo "2223"]
[BlackElo "2062"]
[PlyCount "61"]
[EventDate "2009.11.28"]
[EventType "swiss"]
[EventRounds "10"]
[EventCountry "ESP"]
[Source "lmi"]
[SourceDate "2009.11.28"]

1. d4 Nf6 2. c4 g6 3. g3 Bg7 4. Bg2 O-O 5. Nc3 d6 6. Nf3 c6 7. O-O Nbd7 8. h3
Qc7 9. e4 e5 10. Be3 Rd8 11. Rc1 Nf8 12. d5 c5 13. Ne1 Ne8 14. Nd3 a6 15. Qd2
Bd7 16. f4 f6 17. fxe5 fxe5 18. Bg5 Rdb8 19. Rf2 b5 20. b3 bxc4 21. bxc4 Rb7
22. Rcf1 Bc8 23. Bh6 Bf6 24. Rxf6 Nxf6 25. Rxf6 Nd7 26. Rf1 Qd8 27. Qf2 Qe8 28.
h4 Rc7 29. Bh3 Bb7 30. Be6+ Kh8 31. Qf7 1-0

[Event "8. Open Bali sub-2300"]
[Site "Benidorm ESP"]
[Date "2009.12.04"]
[Round "7.23"]
[White "Tejero Royo, Fermin"]
[Black "Rocabert, Andreu Guillemo"]
[Result "0-1"]
[WhiteElo "2170"]
[BlackElo "2222"]
[PlyCount "42"]
[EventDate "2009.11.28"]
[EventType "swiss"]
[EventRounds "10"]
[EventCountry "ESP"]
[Source "lmi"]
[SourceDate "2009.11.28"]

1. d4 d5 2. Nf3 c6 3. g3 Bf5 4. Bg2 h6 5. O-O Nf6 6. c4 e6 7. Nc3 Nbd7 8. Nd2
Be7 9. e4 dxe4 10. Ndxe4 O-O 11. Qb3 Qb6 12. Qxb6 axb6 13. Bf4 g5 14. Be3 Nxe4
15. Nxe4 Nf6 16. f3 Rfd8 17. a3 Bxe4 18. fxe4 Ng4 19. Rfe1 Nxe3 20. Rxe3 Rxd4
21. Rf3 Rd2 0-1

[Event "8. Open Bali sub-2300"]
[Site "Benidorm ESP"]
[Date "2009.12.04"]
[Round "7.24"]
[White "Tscharotschkin, Michael"]
[Black "Bas Mas, Jose Joaquin"]
[Result "1-0"]
[WhiteElo "2209"]
[BlackElo "2013"]
[PlyCount "65"]
[EventDate "2009.11.28"]
[EventType "swiss"]
[EventRounds "10"]
[EventCountry "ESP"]
[Source "lmi"]
[SourceDate "2009.11.28"]

1. d4 Nf6 2. Nf3 c5 3. e3 e6 4. Nbd2 b6 5. b3 Bb7 6. Bd3 Nc6 7. a3 Be7 8. O-O
O-O 9. Bb2 d5 10. Ne5 Nxe5 11. dxe5 Nd7 12. f4 f6 13. Qh5 f5 14. g4 g6 15. Qh6
Rf7 16. gxf5 Bf8 17. Qh3 gxf5 18. Kf2 Be7 19. Rg1+ Kh8 20. Nf3 c4 21. bxc4 Nc5
22. Rad1 Qc7 23. cxd5 Bxd5 24. Nd4 Ne4+ 25. Bxe4 Bxe4 26. Rd2 Rd8 27. Rgd1 Qc8
28. Qh6 Rg7 29. Rg1 Rxg1 30. Kxg1 Qc4 31. Nxe6 Rg8+ 32. Ng5 Bxg5 33. fxg5 1-0

[Event "8. Open Bali sub-2300"]
[Site "Benidorm ESP"]
[Date "2009.12.04"]
[Round "7.26"]
[White "Buscaglia, Claudio"]
[Black "Tallo Dominguez, Imar"]
[Result "1-0"]
[WhiteElo "2000"]
[BlackElo "2192"]
[PlyCount "37"]
[EventDate "2009.11.28"]
[EventType "swiss"]
[EventRounds "10"]
[EventCountry "ESP"]
[Source "lmi"]
[SourceDate "2009.11.28"]

1. d4 Nf6 2. Nf3 e6 3. Bf4 b6 4. e3 Bb7 5. Bd3 Be7 6. Nbd2 O-O 7. c3 d5 8. Ne5
c5 9. g4 cxd4 10. exd4 Ne4 11. Qe2 f5 12. gxf5 exf5 13. Rg1 Nxd2 14. Kxd2 Nc6
15. Nxc6 Bxc6 16. Qe6+ Kh8 17. Qxc6 Rc8 18. Qe6 Rf6 19. Qe3 1-0

[Event "8. Open Bali sub-2300"]
[Site "Benidorm ESP"]
[Date "2009.12.04"]
[Round "7.37"]
[White "Campayo Hernandez, Juan"]
[Black "Navarrete Espi, Samuel"]
[Result "1-0"]
[WhiteElo "2185"]
[BlackElo "1969"]
[PlyCount "47"]
[EventDate "2009.11.28"]
[EventType "swiss"]
[EventRounds "10"]
[EventCountry "ESP"]
[Source "lmi"]
[SourceDate "2009.11.28"]

1. c4 Nf6 2. g3 c6 3. Bg2 d5 4. Nf3 g6 5. b3 Bg7 6. Bb2 O-O 7. O-O Re8 8. d3
Nbd7 9. Nbd2 e5 10. cxd5 Nxd5 11. Nc4 b5 12. Nd6 Re6 13. Nxc8 Rxc8 14. Qd2 f5
15. e4 N5f6 16. exf5 gxf5 17. Rfe1 Nd5 18. Bh3 Ne7 19. Nh4 Rh6 20. Bxf5 Rxh4
21. Be6+ Kh8 22. gxh4 Nc5 23. Bxc8 Qxc8 24. Qe3 1-0

[Event "8. Open Bali sub-2300"]
[Site "Benidorm ESP"]
[Date "2009.12.04"]
[Round "7.47"]
[White "Larios Herraiz, Enrique"]
[Black "Nicolas Zapata, Irene"]
[Result "0-1"]
[WhiteElo "2079"]
[BlackElo "2241"]
[PlyCount "30"]
[EventDate "2009.11.28"]
[EventType "swiss"]
[EventRounds "10"]
[EventCountry "ESP"]
[Source "lmi"]
[SourceDate "2009.11.28"]

1. d4 Nf6 2. Nf3 g6 3. Nbd2 d5 4. e3 Bg7 5. Bd3 O-O 6. b3 c5 7. Bb2 Nc6 8. O-O
b5 9. Ne5 Nxe5 10. dxe5 Ng4 11. Nf3 Qc7 12. Bxb5 a6 13. Be2 Nxe5 14. Qxd5 Nxf3+
15. Bxf3 Be6 0-1

[Event "8. Open Bali sub-2300"]
[Site "Benidorm ESP"]
[Date "2009.12.05"]
[Round "8.1"]
[White "Ibarra Jerez, Juan Miguel"]
[Black "Longa Yauca, Javier"]
[Result "0-1"]
[WhiteElo "2244"]
[BlackElo "2267"]
[PlyCount "137"]
[EventDate "2009.11.28"]
[EventType "swiss"]
[EventRounds "10"]
[EventCountry "ESP"]
[Source "lmi"]
[SourceDate "2009.11.28"]

1. e4 e6 2. d4 d5 3. Nd2 dxe4 4. Nxe4 Nd7 5. Nf3 Ngf6 6. Nxf6+ Nxf6 7. c3 Be7
8. Ne5 O-O 9. Bd3 c5 10. dxc5 Bxc5 11. Qe2 Qc7 12. Bf4 Nd5 13. Bg3 Qe7 14. h4
f6 15. Nf3 g6 16. Rd1 Bd7 17. O-O Rae8 18. Rfe1 Bc6 19. Bc4 Kg7 20. Qc2 Qf7 21.
b4 Bb6 22. Bd6 Rg8 23. Qb3 Qd7 24. Bg3 Ba4 25. Qb1 Bxd1 26. Qxd1 Rd8 27. Qb3
Rge8 28. a4 a6 29. Rd1 Bc7 30. Bxc7 Qxc7 31. Nd4 Nf4 32. Re1 e5 33. Nf3 Rc8 34.
Bd5 Qxc3 35. Qxc3 Rxc3 36. Bxb7 Rb8 37. Bxa6 Rxb4 38. Bb5 Nxg2 39. Kxg2 Rg4+
40. Kf1 Rxf3 41. Be2 Rff4 42. Bxg4 Rxg4 43. Ra1 Rxh4 44. Ke2 Rd4 45. a5 Rd8 46.
a6 h5 47. a7 Ra8 48. Kd3 f5 49. Kc4 h4 50. Kd5 e4 51. Kc6 Kh6 52. Kb7 Rxa7+ 53.
Kxa7 Kg5 54. Rh1 Kg4 55. Kb6 g5 56. Kc5 Kf3 57. Rh2 e3 58. fxe3 Kxe3 59. Rh3+
Kf2 60. Kd4 Kg2 61. Ra3 h3 62. Ke5 f4 63. Ra2+ Kg3 64. Ke4 g4 65. Ra1 h2 66.
Rb1 f3 67. Ke3 f2 68. Rf1 Kh3 69. Rxf2 0-1

[Event "8. Open Bali sub-2300"]
[Site "Benidorm ESP"]
[Date "2009.12.05"]
[Round "8.2"]
[White "Dobre, Claudiu-Cristian"]
[Black "Garbea, Bogdan"]
[Result "1/2-1/2"]
[WhiteElo "2286"]
[BlackElo "2254"]
[PlyCount "38"]
[EventDate "2009.11.28"]
[EventType "swiss"]
[EventRounds "10"]
[EventCountry "ESP"]
[Source "lmi"]
[SourceDate "2009.11.28"]

1. d4 d6 2. e4 g6 3. Nc3 Bg7 4. Be3 Nd7 5. Qd2 e5 6. Nf3 Ngf6 7. dxe5 dxe5 8.
Bc4 O-O 9. O-O c6 10. a4 Qe7 11. h3 Nc5 12. Bg5 a5 13. Rad1 Re8 14. Rfe1 Qc7
15. Bh6 Be6 16. Bxg7 Kxg7 17. Bxe6 Nxe6 18. Qe3 Kg8 19. Qd2 Kg7 1/2-1/2

[Event "8. Open Bali sub-2300"]
[Site "Benidorm ESP"]
[Date "2009.12.05"]
[Round "8.3"]
[White "Trepat Herranz, Joan"]
[Black "Sabater Sanchez, Asensio"]
[Result "1/2-1/2"]
[WhiteElo "2284"]
[BlackElo "2230"]
[PlyCount "33"]
[EventDate "2009.11.28"]
[EventType "swiss"]
[EventRounds "10"]
[EventCountry "ESP"]
[Source "lmi"]
[SourceDate "2009.11.28"]

1. d4 d5 2. c4 c6 3. Nc3 Nf6 4. Nf3 a6 5. c5 Nbd7 6. Bf4 g6 7. h3 Bg7 8. e3 O-O
9. Be2 Ne8 10. Qb3 Nc7 11. O-O Re8 12. Rad1 e5 13. Nxe5 Nxe5 14. Bxe5 Bxe5 15.
dxe5 Qe7 16. e4 d4 17. Ra1 1/2-1/2

[Event "8. Open Bali sub-2300"]
[Site "Benidorm ESP"]
[Date "2009.12.05"]
[Round "8.4"]
[White "Nikolaidis, Konstantinos"]
[Black "Aranda Gonzalez, Jose"]
[Result "1-0"]
[WhiteElo "2241"]
[BlackElo "2276"]
[PlyCount "109"]
[EventDate "2009.11.28"]
[EventType "swiss"]
[EventRounds "10"]
[EventCountry "ESP"]
[Source "lmi"]
[SourceDate "2009.11.28"]

1. d4 d5 2. c4 c6 3. Nf3 e6 4. e3 Nf6 5. b3 Bd6 6. Bd3 Nbd7 7. Bb2 Qe7 8. Ne5
Bb4+ 9. Nd2 Nxe5 10. dxe5 Nd7 11. O-O Bxd2 12. Qxd2 O-O 13. Qc2 h6 14. f4 f5
15. exf6 Nxf6 16. Rf3 Bd7 17. c5 Kh8 18. Rg3 Be8 19. b4 a5 20. a3 b6 21. cxb6
axb4 22. axb4 Rxa1+ 23. Bxa1 Qxb4 24. Bd4 Rf7 25. h3 Rb7 26. Bc5 Qa5 27. Bd4
Qb4 28. Bc5 Qa5 29. Bd4 Qb4 30. Qa2 Rxb6 31. Bxb6 Qxb6 32. Qa8 Qc7 33. Bg6 Qd7
34. Rf3 Kg8 35. Rf1 Kf8 36. Rc1 Ke7 37. Bxe8 Qxe8 38. Qxc6 Qxc6 39. Rxc6 Ne4
40. Kf1 h5 41. Ke2 Kf6 42. g4 hxg4 43. hxg4 g6 44. Kf3 Nd2+ 45. Ke2 Ne4 46. Ra6
Nc3+ 47. Kd3 Ne4 48. g5+ Kf5 49. Ra5 Nd6 50. Kd4 Kg4 51. Ra6 Nf5+ 52. Ke5 Nxe3
53. Rxe6 Ng2 54. f5 Nf4 55. f6 1-0

[Event "8. Open Bali sub-2300"]
[Site "Benidorm ESP"]
[Date "2009.12.05"]
[Round "8.5"]
[White "Sanchez Jerez, Emilio Miguel"]
[Black "Virgillito, Cristian"]
[Result "1/2-1/2"]
[WhiteElo "2298"]
[BlackElo "2223"]
[PlyCount "105"]
[EventDate "2009.11.28"]
[EventType "swiss"]
[EventRounds "10"]
[EventCountry "ESP"]
[Source "lmi"]
[SourceDate "2009.11.28"]

1. e4 c5 2. Nc3 d6 3. Nge2 Nf6 4. d4 cxd4 5. Nxd4 a6 6. g3 e6 7. Bg2 Be7 8. O-O
Qc7 9. Be3 Bd7 10. Nb3 h5 11. h3 Nc6 12. a4 Ne5 13. Nd4 Rc8 14. Qe2 Qc4 15. f4
Qxe2 16. Ncxe2 Nc6 17. Rfc1 O-O 18. c4 Na5 19. e5 dxe5 20. fxe5 Nh7 21. Bf2
Rxc4 22. Rxc4 Nxc4 23. Bxb7 Nxb2 24. a5 Bc8 25. Nc6 Bg5 26. Bxc8 Rxc8 27. Ned4
Nf8 28. Rb1 Nd3 29. Rb6 Ra8 30. Rb8 Rxb8 31. Nxb8 Nxe5 32. Nxa6 Bd8 33. Be1
Nfd7 34. Kf1 g5 35. Nb5 Nc6 36. Nac7 Kg7 37. a6 Nb6 38. Bf2 Nc8 39. Ne8+ Kf8
40. Ned6 Nb6 41. Bxb6 Bxb6 42. Nc8 Bc5 43. a7 Bxa7 44. Ncxa7 Ne5 45. Nd4 Ng6
46. Nab5 h4 47. gxh4 Nxh4 48. Nc3 Kg7 49. Kf2 Kg6 50. Nf3 Nxf3 51. Kxf3 f5 52.
Kg3 g4 53. hxg4 1/2-1/2

[Event "8. Open Bali sub-2300"]
[Site "Benidorm ESP"]
[Date "2009.12.05"]
[Round "8.6"]
[White "Taras, Dan-Gheorghe"]
[Black "Jove Grau, Lluis"]
[Result "1/2-1/2"]
[WhiteElo "2293"]
[BlackElo "2205"]
[PlyCount "25"]
[EventDate "2009.11.28"]
[EventType "swiss"]
[EventRounds "10"]
[EventCountry "ESP"]
[Source "lmi"]
[SourceDate "2009.11.28"]

1. d4 f5 2. g3 Nf6 3. Bg2 g6 4. Nh3 Bg7 5. Nf4 d6 6. d5 c6 7. c4 Qb6 8. Nc3 Na6
9. O-O Bd7 10. Nd3 O-O 11. Be3 c5 12. Rb1 Nb4 13. Nf4 1/2-1/2

[Event "8. Open Bali sub-2300"]
[Site "Benidorm ESP"]
[Date "2009.12.05"]
[Round "8.7"]
[White "Lillo Ferrer, Jose Maria M"]
[Black "Voiteanu, Gabriel"]
[Result "0-1"]
[WhiteElo "2194"]
[BlackElo "2257"]
[PlyCount "28"]
[EventDate "2009.11.28"]
[EventType "swiss"]
[EventRounds "10"]
[EventCountry "ESP"]
[Source "lmi"]
[SourceDate "2009.11.28"]

1. d4 Nf6 2. Nf3 g6 3. Nc3 d5 4. Bf4 Bg7 5. Qd2 Ne4 6. Nxe4 dxe4 7. Ne5 c5 8.
Nxf7 Kxf7 9. Bxb8 Rxb8 10. Qf4+ Bf5 11. g4 Qa5+ 12. Kd1 e5 13. Qg3 Rbd8 14. e3
Bf8 0-1

[Event "8. Open Bali sub-2300"]
[Site "Benidorm ESP"]
[Date "2009.12.05"]
[Round "8.8"]
[White "Arata, Roberto Mario"]
[Black "Plass, Mariana-Camelia"]
[Result "1/2-1/2"]
[WhiteElo "2257"]
[BlackElo "2099"]
[PlyCount "53"]
[EventDate "2009.11.28"]
[EventType "swiss"]
[EventRounds "10"]
[EventCountry "ESP"]
[Source "lmi"]
[SourceDate "2009.11.28"]

1. d4 Nf6 2. c4 g6 3. Nc3 d5 4. cxd5 Nxd5 5. e4 Nxc3 6. bxc3 Bg7 7. Nf3 c5 8.
Be3 O-O 9. Be2 cxd4 10. cxd4 Nc6 11. O-O Bg4 12. d5 Bxa1 13. Qxa1 Na5 14. Bh6
f6 15. Bxf8 Qxf8 16. Nd4 Bxe2 17. Nxe2 Nc4 18. Nd4 Rc8 19. Ne6 Qe8 20. Qd4 h6
21. Rc1 Nd6 22. Qd2 Rxc1+ 23. Qxc1 Nxe4 24. Qc7 Ng5 25. h3 Nxe6 26. dxe6 Kf8
27. Qd7 1/2-1/2

[Event "8. Open Bali sub-2300"]
[Site "Benidorm ESP"]
[Date "2009.12.05"]
[Round "8.9"]
[White "Turcu, Iulian"]
[Black "Van Hoolandt, Patrick"]
[Result "1-0"]
[WhiteElo "2197"]
[BlackElo "2211"]
[PlyCount "79"]
[EventDate "2009.11.28"]
[EventType "swiss"]
[EventRounds "10"]
[EventCountry "ESP"]
[Source "lmi"]
[SourceDate "2009.11.28"]

1. d4 Nf6 2. Nf3 e6 3. c4 d5 4. e3 Bb4+ 5. Bd2 a5 6. Nc3 O-O 7. Bd3 c5 8. a3
cxd4 9. axb4 dxc3 10. Bxc3 dxc4 11. Bxc4 Qxd1+ 12. Kxd1 Ne4 13. Be1 Rd8+ 14.
Ke2 a4 15. Bd3 b6 16. Nd4 Bb7 17. f3 Nf6 18. Bh4 e5 19. Nf5 Nc6 20. b5 Nb4 21.
Bc4 Kf8 22. Rhd1 Nbd5 23. Ra3 Rd7 24. Rad3 Rad8 25. Kf2 Rc8 26. Bxf6 Rxc4 27.
Bxg7+ Kg8 28. e4 Rc2+ 29. R1d2 Rxd2+ 30. Rxd2 Nf6 31. Rc2 Ne8 32. Bxe5 f6 33.
Bf4 Kf7 34. Rc4 Ke6 35. Rxa4 Nc7 36. Nd4+ Kf7 37. Bxc7 Rxc7 38. Ra7 Ke7 39.
Nc6+ Kd6 40. Ke3 1-0

[Event "8. Open Bali sub-2300"]
[Site "Benidorm ESP"]
[Date "2009.12.05"]
[Round "8.10"]
[White "Lapicki, Raul"]
[Black "Lopez Perdomo, Juan David"]
[Result "1-0"]
[WhiteElo "2266"]
[BlackElo "2166"]
[PlyCount "100"]
[EventDate "2009.11.28"]
[EventType "swiss"]
[EventRounds "10"]
[EventCountry "ESP"]
[Source "lmi"]
[SourceDate "2009.11.28"]

1. e4 e6 2. d4 d5 3. e5 c5 4. dxc5 Bxc5 5. Bd3 Nc6 6. Nf3 Bd7 7. O-O Nge7 8. c3
a5 9. Qe2 Qc7 10. Be3 Bxe3 11. Qxe3 a4 12. Na3 Na7 13. Nd4 O-O 14. Rae1 Nac6
15. Nac2 Nxd4 16. Nxd4 Rac8 17. g3 Ng6 18. f4 f5 19. Re2 Ne7 20. h3 Kh8 21. g4
g6 22. Rg2 Qc5 23. Kh2 b6 24. gxf5 gxf5 25. Rfg1 Rg8 26. Bc2 Rxg2+ 27. Rxg2 Ng6
28. Bd1 Qe7 29. Bh5 Kg7 30. Rg5 Rg8 31. Qg3 Kf7 32. Nf3 Ke8 33. Bxg6+ hxg6 34.
Rxg6 Rxg6 35. Qxg6+ Kd8 36. Qf6 Ke8 37. h4 Bc8 38. Qxe7+ Kxe7 39. h5 Kf7 40.
Kg3 Kg7 41. Kh4 Kh6 42. Ng5 Kg7 43. Nxe6+ Bxe6 44. Kg5 Bf7 45. h6+ Kh7 46. Kf6
Bh5 47. Kxf5 Kxh6 48. Kf6 Be8 49. f5 Kh5 50. Ke7 Kg5 1-0

[Event "8. Open Bali sub-2300"]
[Site "Benidorm ESP"]
[Date "2009.12.05"]
[Round "8.11"]
[White "Chueca Forcen, Alberto"]
[Black "Avila Jimenez, Javier"]
[Result "1/2-1/2"]
[WhiteElo "2280"]
[BlackElo "2182"]
[PlyCount "86"]
[EventDate "2009.11.28"]
[EventType "swiss"]
[EventRounds "10"]
[EventCountry "ESP"]
[Source "lmi"]
[SourceDate "2009.11.28"]

1. d4 d5 2. c4 c6 3. Nf3 Nf6 4. Nc3 dxc4 5. a4 a5 6. Ne5 Be6 7. e3 Nbd7 8. Nxc4
g6 9. Bd3 Bg7 10. O-O Nd5 11. f4 f5 12. Ne5 Nxe5 13. fxe5 O-O 14. Qb3 Qb6 15.
Bc4 Qxb3 16. Bxb3 Nc7 17. Ra3 Rfd8 18. Bxe6+ Nxe6 19. Rb3 Rd7 20. Rb6 Nf8 21.
Kf2 e6 22. Ke2 Rc7 23. Bd2 Nd7 24. Rb3 Bf8 25. Rc1 Rac8 26. Nd1 Ra8 27. Nf2 Kf7
28. Nh3 Be7 29. Nf4 g5 30. Nd3 Ra7 31. h3 h5 32. g4 fxg4 33. hxg4 h4 34. Nf2
Rc8 35. Kf3 Kg6 36. Ke4 Rh8 37. Nh3 Bd8 38. Ra3 Be7 39. Raa1 Nb6 40. b3 Raa8
41. Rf1 Nd5 42. Rf2 Raf8 43. Rxf8 Bxf8 1/2-1/2

[Event "8. Open Bali sub-2300"]
[Site "Benidorm ESP"]
[Date "2009.12.05"]
[Round "8.12"]
[White "Lillo Castay, Victor"]
[Black "Acebal Muniz, Antonio"]
[Result "1-0"]
[WhiteElo "2256"]
[BlackElo "2171"]
[PlyCount "98"]
[EventDate "2009.11.28"]
[EventType "swiss"]
[EventRounds "10"]
[EventCountry "ESP"]
[Source "lmi"]
[SourceDate "2009.11.28"]

1. e4 e5 2. Nf3 Nc6 3. d4 exd4 4. Nxd4 Qf6 5. Be3 Bc5 6. c3 Nge7 7. Bc4 Ne5 8.
Be2 Qg6 9. O-O d5 10. Bh5 Qxe4 11. Nd2 Qd3 12. Re1 O-O 13. Bf4 Bxd4 14. cxd4
N5c6 15. Nb3 Bf5 16. Qxd3 Bxd3 17. Bxc7 Rfc8 18. Bf4 b6 19. h3 Nf5 20. Bg4 g6
21. Nc1 Be4 22. Ne2 Nb4 23. f3 Bd3 24. Nc1 h5 25. Rd1 Bc2 26. Bxf5 Bxf5 27. Ne2
Rc2 28. Rd2 Rac8 29. Nc3 Rxd2 30. Bxd2 Nc2 31. Rd1 Be6 32. Bf4 Rc4 33. Be5 Nb4
34. a3 Nc6 35. Rd2 Kf8 36. Bf6 Ke8 37. Kf2 Kd7 38. Ke3 Na5 39. Kf4 a6 40. g4
hxg4 41. hxg4 b5 42. Kg5 b4 43. Na4 Kc6 44. Nc5 Bc8 45. b3 Rc1 46. axb4 Nb7 47.
Nxa6 Rc3 48. Nc5 Rxf3 49. Rd3 Nd6 1-0

[Event "8. Open Bali sub-2300"]
[Site "Benidorm ESP"]
[Date "2009.12.05"]
[Round "8.13"]
[White "Angulo Martinez, Jon"]
[Black "Renteria, Jorge"]
[Result "0-1"]
[WhiteElo "2198"]
[BlackElo "2248"]
[PlyCount "65"]
[EventDate "2009.11.28"]
[EventType "swiss"]
[EventRounds "10"]
[EventCountry "ESP"]
[Source "lmi"]
[SourceDate "2009.11.28"]

1. e4 c5 2. Nf3 d6 3. d4 cxd4 4. Nxd4 Nf6 5. Nc3 a6 6. h3 e6 7. g4 d5 8. exd5
Nxd5 9. Bd2 Bb4 10. Ne4 Be7 11. Bg2 Qc7 12. Ne2 Nd7 13. a4 Ne5 14. b3 Ng6 15.
c4 Nb4 16. Bc3 O-O 17. O-O Rd8 18. Qb1 Bd7 19. Qb2 Nd3 20. Qc2 Ndf4 21. Nxf4
Nxf4 22. Rfd1 Nxg2 23. Kxg2 Bc6 24. f3 f5 25. Ng3 Bh4 26. Be1 Bxf3+ 27. Kxf3
Qc6+ 28. Ne4 fxe4+ 29. Ke2 Bxe1 30. Kxe1 e3 31. Qh2 Qf3 32. Qe2 Qg3+ 33. Kf1
0-1

[Event "8. Open Bali sub-2300"]
[Site "Benidorm ESP"]
[Date "2009.12.05"]
[Round "8.14"]
[White "Del Valle Cirera, Adria"]
[Black "Poyato Sala, Josep Albert"]
[Result "1/2-1/2"]
[WhiteElo "2236"]
[BlackElo "2197"]
[PlyCount "77"]
[EventDate "2009.11.28"]
[EventType "swiss"]
[EventRounds "10"]
[EventCountry "ESP"]
[Source "lmi"]
[SourceDate "2009.11.28"]

1. e4 e5 2. Nf3 Nc6 3. Bb5 a6 4. Ba4 Nf6 5. Qe2 b5 6. Bb3 Be7 7. O-O O-O 8. c3
d6 9. Rd1 Na5 10. Bc2 c5 11. d4 Qc7 12. d5 Nc4 13. b3 Nb6 14. Nbd2 Re8 15. Nf1
Bf8 16. h3 g6 17. g4 Bg7 18. Ng3 Kh8 19. Kg2 c4 20. Be3 Rb8 21. Qd2 Ng8 22. Ng1
cxb3 23. axb3 Rf8 24. N1e2 Nd7 25. f3 Bb7 26. h4 h6 27. Rh1 Kh7 28. Rh2 Ne7 29.
h5 g5 30. Nf5 Nxf5 31. exf5 f6 32. Ng3 Rbc8 33. Ne4 Nb6 34. Bxb6 Qxb6 35. Rhh1
Rc7 36. Rhd1 Kg8 37. Qf2 Qxf2+ 38. Kxf2 Rd8 39. b4 1/2-1/2

[Event "8. Open Bali sub-2300"]
[Site "Benidorm ESP"]
[Date "2009.12.05"]
[Round "8.15"]
[White "Fernandez Manrique, Agustin"]
[Black "Goormachtigh, Johan"]
[Result "1/2-1/2"]
[WhiteElo "2135"]
[BlackElo "2225"]
[PlyCount "27"]
[EventDate "2009.11.28"]
[EventType "swiss"]
[EventRounds "10"]
[EventCountry "ESP"]
[Source "lmi"]
[SourceDate "2009.11.28"]

1. c4 Nf6 2. Nc3 c5 3. g3 Nc6 4. Bg2 e6 5. Nf3 d5 6. cxd5 Nxd5 7. O-O Be7 8.
Nxd5 exd5 9. d4 O-O 10. dxc5 Bxc5 11. b3 Bf5 12. Bb2 Re8 13. Rc1 Qb6 14. Qd2
1/2-1/2

[Event "8. Open Bali sub-2300"]
[Site "Benidorm ESP"]
[Date "2009.12.05"]
[Round "8.17"]
[White "Buscaglia, Claudio"]
[Black "Tscharotschkin, Michael"]
[Result "1/2-1/2"]
[WhiteElo "2000"]
[BlackElo "2209"]
[PlyCount "40"]
[EventDate "2009.11.28"]
[EventType "swiss"]
[EventRounds "10"]
[EventCountry "ESP"]
[Source "lmi"]
[SourceDate "2009.11.28"]

1. b3 e5 2. Bb2 d6 3. g3 Nf6 4. Bg2 Nc6 5. e3 g6 6. Ne2 Bg7 7. O-O O-O 8. c4
Bf5 9. a3 Qd7 10. d4 exd4 11. Nxd4 Bh3 12. Nc3 Nxd4 13. Qxd4 Bxg2 14. Kxg2 Ng4
15. Qd2 c6 16. Rad1 Rad8 17. h3 Nf6 18. e4 Rfe8 19. Rfe1 Re6 20. f4 c5 1/2-1/2